Anne Boleyn / (Record no. 186760)

000 -LEADER
fixed length control field 00339 a2200145 4500
003 - CONTROL NUMBER IDENTIFIER
control field Nust
005 - DATE AND TIME OF LATEST TRANSACTION
control field 20230331100253.0
040 ## - CATALOGING SOURCE
Transcribing agency Nust
082 ## - DEWEY DECIMAL CLASSIFICATION NUMBER
Classification number 813.5,BAR
100 ## - MAIN ENTRY--PERSONAL NAME
Personal name Barrington, E
9 (RLIN) 111639
245 ## - TITLE STATEMENT
Title Anne Boleyn /
Statement of responsibility, etc. E Barrington
260 ## - PUBLICATION, DISTRIBUTION, ETC.
Place of publication, distribution, etc. London,
Name of publisher, distributor, etc. Cassell and Co,
Date of publication, distribution, etc. 1932
300 ## - PHYSICAL DESCRIPTION
Extent 376:p
942 ## - ADDED ENTRY ELEMENTS (KOHA)
Source of classification or shelving scheme
Koha item type Book
Call number prefix 813.5,BAR
Holdings
Withdrawn status Lost status Source of classification or shelving scheme Damaged status Not for loan Permanent Location Current Location Shelving location Date acquired Total Checkouts Full call number Barcode Date last seen Price effective from Koha item type Public note
          Military College of Signals (MCS) Military College of Signals (MCS) Fiction 03/31/2023   813.5,BAR MCS29274A 03/31/2023 03/31/2023 Book Almirh No 75, Shelf No 4
© 2023 Central Library, National University of Sciences and Technology. All Rights Reserved.